Ibrahimovic Vereine - Statistiken

Allgemein
  • Dieses Quiz wurde 104 mal gespielt
  • Das Durchschnittsergebnis liegt bei 6 aus 11
Antwortstatistiken
Hint Antwort % Korrekt
ITA AC Mailand
90%
ITA Inter Mailand
86%
NED Ajax Amsterdam
83%
SPA Fc Barcelona
83%
ENG Manchester United
76%
ITA Juventus Turin
69%
SWE Malmö FF
44%
FRA Paris SG
30%
SWE FBK Balkan
8%
SWE Malmö ABI
5%
USA Los Angelas Galaxy
4%
Keine übereinstimmenden Quizze gefunden
Verteilung der Resultate
Anzahl Personen mit jedem Resultat
Perzentil nach korrekt beantworteten Fragen
Ihre Resultats-Entwicklung
Sie haben dieses Quiz noch nicht gespielt